<?xml version="1.0" encoding="UTF-8"?>
<record
    xmlns:xsi="http://www.w3.org/2001/XMLSchema-instance"
    xsi:schemaLocation="http://www.loc.gov/MARC21/slim http://www.loc.gov/standards/marcxml/schema/MARC21slim.xsd"
    xmlns="http://www.loc.gov/MARC21/slim">

  <leader>00859nac a22001691u 4500</leader>
  <controlfield tag="008">101215s2000    xxu||||| |||| 00| 0 ara d</controlfield>
  <datafield tag="082" ind1=" " ind2=" ">
    <subfield code="a">614.5939</subfield>
    <subfield code="b">&#x63A; &#x630; &#x627;</subfield>
  </datafield>
  <datafield tag="110" ind1="1" ind2=" ">
    <subfield code="a">&#x648;&#x632;&#x627;&#x631;&#x629; &#x627;&#x644;&#x635;&#x62D;&#x629; &#x648;&#x627;&#x644;&#x633;&#x643;&#x627;&#x646;</subfield>
    <subfield code="9">21505</subfield>
  </datafield>
  <datafield tag="245" ind1=" " ind2=" ">
    <subfield code="a">&#x62F;&#x644;&#x64A;&#x644; &#x627;&#x644;&#x63A;&#x630;&#x627;&#x621; &#x627;&#x644;&#x635;&#x62D;&#x649; &#x644;&#x644;&#x623;&#x633;&#x631;&#x629; &#x627;&#x644;&#x645;&#x635;&#x631;&#x64A;&#x629; /</subfield>
    <subfield code="c">&#x645;&#x639;&#x647;&#x62F; &#x627;&#x644;&#x62A;&#x63A;&#x630;&#x64A;&#x629;&#x60C; &#x648;&#x632;&#x627;&#x631;&#x629; &#x627;&#x644;&#x635;&#x62D;&#x629; &#x648;&#x627;&#x644;&#x633;&#x643;&#x627;&#x646;</subfield>
  </datafield>
  <datafield tag="250" ind1=" " ind2=" ">
    <subfield code="a">&#x637; 3.</subfield>
  </datafield>
  <datafield tag="260" ind1=" " ind2=" ">
    <subfield code="a">&#x627;&#x644;&#x642;&#x627;&#x647;&#x631;&#x629; :</subfield>
    <subfield code="b">&#x627;&#x644;&#x645;&#x639;&#x647;&#x62F;&#x60C; &#x627;&#x644;&#x648;&#x632;&#x627;&#x631;&#x629; &#x60C;</subfield>
    <subfield code="c">2000.</subfield>
  </datafield>
  <datafield tag="300" ind1=" " ind2=" ">
    <subfield code="a">95 &#x635;:</subfield>
    <subfield code="b">&#x627;&#x64A;&#x636; &#x61B;</subfield>
    <subfield code="c">20 &#x633;&#x645;.</subfield>
  </datafield>
  <datafield tag="541" ind1=" " ind2=" ">
    <subfield code="a">&#x625;&#x647;&#x62F;&#x627;&#x621; &#x61B;</subfield>
    <subfield code="c">&#x645;&#x643;&#x62A;&#x628;&#x629; &#x627;&#x644;&#x625;&#x633;&#x643;&#x646;&#x62F;&#x631;&#x64A;&#x629; &#x61B;</subfield>
  </datafield>
  <datafield tag="650" ind1=" " ind2=" ">
    <subfield code="a">&#x627;&#x644;&#x62A;&#x63A;&#x630;&#x64A;&#x629;</subfield>
    <subfield code="9">21498</subfield>
    <subfield code="x">&#x62C;&#x648;&#x627;&#x646;&#x628; &#x635;&#x62D;&#x64A;&#x629;</subfield>
  </datafield>
  <datafield tag="942" ind1=" " ind2=" ">
    <subfield code="c">BB</subfield>
    <subfield code="k">614.5939 &#x63A; &#x630; &#x627;</subfield>
    <subfield code="2">ddc</subfield>
  </datafield>
  <datafield tag="999" ind1=" " ind2=" ">
    <subfield code="c">6221</subfield>
    <subfield code="d">6221</subfield>
  </datafield>
  <datafield tag="952" ind1=" " ind2=" ">
    <subfield code="0">0</subfield>
    <subfield code="1">0</subfield>
    <subfield code="2">ddc</subfield>
    <subfield code="4">0</subfield>
    <subfield code="7">0</subfield>
    <subfield code="8">Donation-G</subfield>
    <subfield code="a">MAIN</subfield>
    <subfield code="b">MAIN</subfield>
    <subfield code="c">1ST</subfield>
    <subfield code="d">2007-11-18</subfield>
    <subfield code="e">Donation</subfield>
    <subfield code="o">614.5939 &#x63A; &#x630; &#x627;</subfield>
    <subfield code="p">000007781</subfield>
    <subfield code="r">2025-07-15 00:00:00</subfield>
    <subfield code="s">2018-08-08</subfield>
    <subfield code="y">BB</subfield>
  </datafield>
</record>
